[Event "Bialystok op-B"]
[Site "Bialystok"]
[Date "2010.11.??"]
[Round "1"]
[White "Spisak, Czeslaw"]
[Black "Smolarczyk, Tomasz"]
[Result "1-0"]
[WhiteElo "2366"]
[BlackElo "1589"]
[PlyCount "73"]
[EventDate "2010.11.??"]
[EventType "swiss"]
[EventRounds "9"]
[EventCountry "POL"]
[SourceTitle "EXT 2014"]
[Source "ChessBase"]
[SourceDate "2013.11.20"]
[SourceVersion "1"]
[SourceVersionDate "2013.11.20"]
[SourceQuality "1"]

1. e4 e5 2. Nf3 Nc6 3. Bc4 Bc5 4. c3 Nf6 5. d3 d6 6. Bb3 a6 7. Nbd2 Ba7 8. Nf1 0-0 9. Ng3 Ne7 10. Bg5 Ng6 11. Nh5 c6 12. Qd2 Nf4 13. Nxf4 exf4 14. Qxf4 Qb6 15. 0-0 Ng4 16. d4 d5 17. exd5 cxd5 18. Qd2 Be6 19. h3 Nf6 20. Bxf6 gxf6 21. Qh6 Bf5 22. Nh4 Be4 23. Bxd5 f5 24. Qxb6 Bxb6 25. Bxe4 fxe4 26. Nf5 Bc7 27. Rfe1 Rfe8 28. Re2 Re6 29. Rae1 Rae8 30. g4 Bb8 31. Kg2 Bc7 32. Ng3 Bxg3 33. Kxg3 Kf8 34. f4 exf3 35. Rxe6 Rxe6 36. Rxe6 fxe6 37. Kxf3 1-0

[Event "Bialystok Spring op-B"]
[Site "Bialystok"]
[Date "2010.05.02"]
[Round "3"]
[White "Smirnov, Aleksander"]
[Black "Spisak, Czeslaw"]
[Result "1-0"]
[WhiteElo "2222"]
[BlackElo "2381"]
[PlyCount "47"]
[EventDate "2010.05.01"]
[EventType "swiss"]
[EventRounds "9"]
[EventCountry "POL"]
[SourceTitle "EXT 2012"]
[Source "ChessBase"]
[SourceDate "2011.11.24"]
[SourceVersion "1"]
[SourceVersionDate "2011.11.24"]
[SourceQuality "1"]

1. e4 c5 2. Nf3 Nc6 3. Nc3 e6 4. g3 Nf6 5. Bg2 a6 6. a4 d6 7. 0-0 Be7 8. Re1 0-0 9. d3 e5 10. Nd2 Nd4 11. Nd5 Bg4 12. f3 Be6 13. c3 Nc6 14. f4 exf4 15. gxf4 Nd7 16. Nxe7+ Nxe7 17. f5 Nxf5 18. exf5 Bxf5 19. Ne4 d5 20. Qf3 g6 21. Nd6 Be6 22. Bh6 Qb6 23. Qf4 Rac8 24. c4 1-0

[Event "Bialystok Spring op-B"]
[Site "Bialystok"]
[Date "2010.05.02"]
[Round "4"]
[White "Spisak, Czeslaw"]
[Black "Cylwik, Zbigniew"]
[Result "1-0"]
[WhiteElo "2381"]
[BlackElo "1979"]
[PlyCount "55"]
[EventDate "2010.05.01"]
[EventType "swiss"]
[EventRounds "9"]
[EventCountry "POL"]
[SourceTitle "EXT 2012"]
[Source "ChessBase"]
[SourceDate "2011.11.24"]
[SourceVersion "1"]
[SourceVersionDate "2011.11.24"]
[SourceQuality "1"]

1. e4 c5 2. Nf3 e6 3. d4 cxd4 4. Nxd4 a6 5. Bd3 Bc5 6. Nb3 Be7 7. Be3 d6 8. f4 Nf6 9. N1d2 Nbd7 10. Qe2 Qc7 11. g4 Nc5 12. Nxc5 dxc5 13. g5 Nd7 14. 0-0-0 b5 15. c4 0-0 16. Rhg1 Nb6 17. e5 g6 18. Ne4 bxc4 19. Bc2 Bb7 20. Nf6+ Kg7 21. Rg3 Nd5 22. Qxc4 Nxe3 23. Rxe3 Rad8 24. Rh3 h5 25. Rhd3 Rxd3 26. Rxd3 Rd8 27. b3 Rxd3 28. Ne8+ 1-0

[Event "Bialystok Bieluczyk Memorial-A 1st"]
[Site "Bialystok"]
[Date "2009.06.25"]
[Round "8"]
[White "Winski, Lukasz"]
[Black "Spisak, Czeslaw"]
[Result "1/2-1/2"]
[WhiteElo "2075"]
[BlackElo "2361"]
[PlyCount "61"]
[EventDate "2009.06.20"]
[EventType "tourn"]
[EventRounds "9"]
[EventCountry "POL"]
[SourceTitle "EXT 2010"]
[Source "ChessBase"]
[SourceDate "2010.11.25"]
[SourceVersion "1"]
[SourceVersionDate "2010.11.25"]
[SourceQuality "1"]

1. e4 c5 2. c3 e6 3. d4 d5 4. e5 Nc6 5. Nf3 Bd7 6. a3 f6 7. exf6 Nxf6 8. g3 Bd6 9. Bg2 Qc7 10. 0-0 0-0-0 11. b4 c4 12. Re1 h6 13. b5 Na5 14. a4 Nb3 15. Ra2 Qa5 16. Ba3 Bxa3 17. Rxa3 Ne4 18. Rxe4 dxe4 19. Ne5 Qc7 20. Nf7 Rhf8 21. Nxd8 Rxd8 22. Nd2 Nxd2 23. Qxd2 e5 24. Bxe4 Be6 25. Ra1 exd4 26. cxd4 Qd7 27. Rd1 Bd5 28. Bxd5 Qxd5 29. Qc3 Kb8 30. Rc1 Rc8 31. Re1 1/2-1/2

[Event "Bialystok Bieluczyk Memorial-A 1st"]
[Site "Bialystok"]
[Date "2009.06.23"]
[Round "5"]
[White "Spisak, Czeslaw"]
[Black "Buzun, Michal"]
[Result "1-0"]
[WhiteElo "2361"]
[BlackElo "1888"]
[PlyCount "49"]
[EventDate "2009.06.20"]
[EventType "tourn"]
[EventRounds "9"]
[EventCountry "POL"]
[SourceTitle "EXT 2010"]
[Source "ChessBase"]
[SourceDate "2010.11.25"]
[SourceVersion "1"]
[SourceVersionDate "2010.11.25"]
[SourceQuality "1"]

1. e4 c5 2. Nf3 d6 3. d4 cxd4 4. Nxd4 Nf6 5. Nc3 g6 6. Be3 Bg7 7. f3 0-0 8. Qd2 Nc6 9. 0-0-0 Bd7 10. g4 Rc8 11. Kb1 Ne5 12. Be2 Nc4 13. Bxc4 Rxc4 14. h4 b5 15. h5 b4 16. Nd5 Nxd5 17. exd5 a5 18. hxg6 fxg6 19. Qh2 Kf7 20. Ne6 Bxe6 21. dxe6+ Kxe6 22. Qe2 Qc8 23. Bc5+ Kf6 24. g5+ Kf5 25. Qxc4 1-0

[Event "Bialystok Zamenhof Memorial"]
[Site "Bialystok"]
[Date "2008.12.28"]
[Round "3"]
[White "Spisak, Czeslaw"]
[Black "Khamitskiy, Sergei"]
[Result "1-0"]
[WhiteElo "2325"]
[BlackElo "2341"]
[PlyCount "148"]
[EventDate "2008.12.27"]
[EventType "swiss"]
[EventRounds "9"]
[EventCountry "POL"]
[SourceTitle "EXT 2010"]
[Source "ChessBase"]
[SourceDate "2010.11.25"]
[SourceVersion "1"]
[SourceVersionDate "2010.11.25"]
[SourceQuality "1"]

1. e4 e6 2. d4 d5 3. Nc3 Bb4 4. e5 c5 5. a3 Bxc3+ 6. bxc3 Qc7 7. Nf3 Ne7 8. h4 h6 9. h5 b6 10. Bb5+ Bd7 11. Bd3 Ba4 12. 0-0 Nd7 13. Re1 Qc6 14. Rb1 a6 15. Nh4 Bb5 16. Qg4 Bxd3 17. cxd3 Rg8 18. dxc5 Nxc5 19. Qg3 0-0-0 20. Rb4 g5 21. hxg6 fxg6 22. Bxh6 Nf5 23. Nxf5 gxf5 24. Qf3 Rg6 25. Bf4 a5 26. Rbb1 Rdg8 27. g3 Rg4 28. Kf1 Kb7 29. Rec1 Rc8 30. Qe3 Rd8 31. Qd4 a4 32. Rc2 Rc8 33. Ke2 Rg7 34. Qb4 Nb3 35. Rxb3 axb3 36. Qxb3 Rgc7 37. Be3 Ra8 38. Rb2 Ra6 39. Bd4 Kc8 40. Qb4 Kb7 41. Ke3 Ka8 42. Rb1 Rb7 43. Rh1 Rb8 44. Rh6 Re8 45. Rf6 Ra7 46. Rh6 Rb7 47. Rh1 Kb8 48. a4 Rd8 49. Rb1 Kc7 50. a5 bxa5 51. Qxa5+ Kd7 52. Rh1 Rb5 53. Qa7+ Kc8 54. Rh7 Rd7 55. Rh8+ Rd8 56. Rh6 Rd7 57. Qa3 Rb8 58. Kf4 Ra8 59. Rxe6 Qxe6 60. Qxa8+ Kc7 61. Bc5 Qh6+ 62. Kf3 Qh5+ 63. Kg2 Qh7 64. Bd6+ Kb6 65. Qb8+ Kc6 66. Qc8+ Kb6 67. Qc5+ Ka6 68. Qc6+ Ka7 69. Bc5+ Kb8 70. Qb6+ Kc8 71. Qa6+ Kd8 72. Qa5+ Kc8 73. Qa6+ Kd8 74. Bb6+ Ke7 1-0

[Event "POL-chT 63rd"]
[Site "Ustron"]
[Date "2007.09.07"]
[Round "7"]
[White "Szoen, Dariusz"]
[Black "Spisak, Czeslaw"]
[Result "1/2-1/2"]
[WhiteElo "2452"]
[BlackElo "2336"]
[PlyCount "132"]
[EventDate "2007.09.01"]
[EventType "team-tourn"]
[EventRounds "9"]
[EventCountry "POL"]
[SourceTitle "EXT 2019"]
[Source "ChessBase"]
[SourceDate "2018.10.10"]
[SourceVersion "1"]
[SourceVersionDate "2018.10.10"]
[SourceQuality "1"]
[WhiteTeam "Jaworzno JKSz MCKiS"]
[BlackTeam "Suwalki Hancza"]
[WhiteTeamCountry "POL"]
[BlackTeamCountry "POL"]

1. d4 Nf6 2. Nf3 g6 3. c4 Bg7 4. Nc3 0-0 5. e4 d6 6. Be2 e5 7. 0-0 Nbd7 8. Re1 c6 9. Bf1 Re8 10. d5 c5 11. Rb1 Re7 12. a3 Ne8 13. b4 b6 14. Bg5 f6 15. Bh4 h5 16. Bg3 Bh6 17. Nd2 Bf4 18. Bxf4 exf4 19. bxc5 bxc5 20. g3 fxg3 21. hxg3 h4 22. gxh4 Rh7 23. Qg4 Ne5 24. Qg3 Ng7 25. Be2 g5 26. f4 gxf4 27. Qxf4 Bh3 28. Kf2 f5 29. Rg1 Rxh4 30. Qg3 Bg4 31. Rh1 Rxh1 32. Rxh1 Qd7 33. Qh4 Rf8 34. Qh7+ Kf7 35. Ke1 Ke8 36. Nb5 a6 37. Nxd6+ Qxd6 38. Qxg7 Nd3+ 39. Kd1 Nf2+ 40. Kc1 Nxh1 41. Bxg4 fxg4 42. e5 Qe7 43. Qg6+ Kd8 44. Qb6+ Qc7 45. Qh6 Re8 46. Qxh1 Qxe5 47. Qh4+ Kc7 48. Qxg4 Qc3+ 49. Kd1 Re3 50. Qf4+ Kb7 51. Qf5 Kb6 52. Qb1+ Ka5 53. Qb7 Qa1+ 54. Nb1 Qe5 55. Nd2 Qa1+ 56. Nb1 Qd4+ 57. Nd2 Rxa3 58. Qc7+ Kb4 59. Qb8+ Ka5 60. Qd8+ Ka4 61. Qe8+ Kb4 62. Qb8+ Kc3 63. Qg3+ Kb2 64. Qb8+ Kc3 65. Qg3+ Qd3 66. Qe5+ Kb4 1/2-1/2

[Event "POL-chT 62th"]
[Site "Ustron"]
[Date "2006.09.09"]
[Round "8"]
[White "Marszalek, Maciej"]
[Black "Spisak, Czeslaw"]
[Result "0-1"]
[WhiteElo "2407"]
[BlackElo "2323"]
[PlyCount "109"]
[EventDate "2006.09.02"]
[EventType "team-tourn"]
[EventRounds "9"]
[EventCountry "POL"]
[SourceTitle "EXT 2019"]
[Source "ChessBase"]
[SourceDate "2018.10.10"]
[SourceVersion "1"]
[SourceVersionDate "2018.10.10"]
[SourceQuality "1"]
[WhiteTeam "Grodzisk Polfa Mazowiecki"]
[BlackTeam "Suwalki Hancza"]
[WhiteTeamCountry "POL"]
[BlackTeamCountry "POL"]

1. d4 Nf6 2. Nf3 g6 3. g3 Bg7 4. Bg2 0-0 5. 0-0 d6 6. c4 Nbd7 7. Nc3 e5 8. h3 c6 9. e4 Qb6 10. c5 dxc5 11. dxe5 Ne8 12. Be3 Qxb2 13. Na4 Qb5 14. Rb1 Qa5 15. Qc2 b6 16. Nd2 Ba6 17. f4 Nc7 18. Rfd1 Rfd8 19. Nf3 Bb5 20. Nc3 Qa6 21. Nxb5 cxb5 22. Rd6 Bf8 23. Rd2 c4 24. Rbd1 Qa3 25. Bf2 Qe7 26. Nd4 Qe8 27. Nc6 Be7 28. Nxd8 Rxd8 29. Bf1 Nc5 30. Rxd8 Bxd8 31. f5 N7a6 32. Bd4 Bc7 33. f6 h6 34. Qd2 Kh7 35. Bg2 Nd3 36. Qe3 Nac5 37. Kh2 Bxe5 38. Rf1 b4 39. h4 c3 40. h5 g5 41. Bxe5 Nxe5 42. Qe2 Qe6 43. Bh3 g4 44. Bg2 a5 45. Qb5 Qxa2 46. Qe8 Ncd7 47. Rd1 Qe6 48. Qc8 Nxf6 49. Qc7 Ne8 50. Qb8 c2 51. Rd5 Nc6 52. Qf4 Nf6 53. Rf5 Kg7 54. Qd2 b3 55. Rf1 0-1

[Event "POL-chT 62th"]
[Site "Ustron"]
[Date "2006.09.06"]
[Round "5"]
[White "Bartel, Mateusz"]
[Black "Spisak, Czeslaw"]
[Result "1-0"]
[WhiteElo "2561"]
[BlackElo "2323"]
[PlyCount "77"]
[EventDate "2006.09.02"]
[EventType "team-tourn"]
[EventRounds "9"]
[EventCountry "POL"]
[SourceTitle "EXT 2019"]
[Source "ChessBase"]
[SourceDate "2018.10.10"]
[SourceVersion "1"]
[SourceVersionDate "2018.10.10"]
[SourceQuality "1"]
[WhiteTeam "Warszawa Polonia"]
[BlackTeam "Suwalki Hancza"]
[WhiteTeamCountry "POL"]
[BlackTeamCountry "POL"]

1. e4 c5 2. Nf3 d6 3. d4 cxd4 4. Nxd4 Nf6 5. Nc3 a6 6. Be3 e6 7. g4 b5 8. Bg2 Bb7 9. a3 Nfd7 10. f4 Nb6 11. 0-0 N8d7 12. g5 Qc7 13. Kh1 Nc5 14. f5 e5 15. Nde2 Rc8 16. b3 Ncd7 17. Qe1 h6 18. Qh4 Qd8 19. Qh5 Rc7 20. gxh6 gxh6 21. f6 Qc8 22. Bd2 Rg8 23. Bh3 Qd8 24. Be3 Qa8 25. Qh4 Nd5 26. Nxd5 Bxd5 27. Ng3 Rxg3 28. hxg3 Bxe4+ 29. Kg1 Rc3 30. Rae1 Bxc2 31. Rc1 Qc6 32. Bd2 Rd3 33. Rf2 d5 34. Qg4 Bc5 35. Rxc2 Bxf2+ 36. Kxf2 Nxf6 37. Qc8+ Qxc8 38. Rxc8+ Ke7 39. Bb4# 1-0

[Event "POL-chT 62th"]
[Site "Ustron"]
[Date "2006.09.04"]
[Round "3"]
[White "Stysiak, Szymon"]
[Black "Spisak, Czeslaw"]
[Result "0-1"]
[WhiteElo "2221"]
[BlackElo "2323"]
[PlyCount "80"]
[EventDate "2006.09.02"]
[EventType "team-tourn"]
[EventRounds "9"]
[EventCountry "POL"]
[SourceTitle "EXT 2019"]
[Source "ChessBase"]
[SourceDate "2018.10.10"]
[SourceVersion "1"]
[SourceVersionDate "2018.10.10"]
[SourceQuality "1"]
[WhiteTeam "Raciborz Rzemioslo"]
[BlackTeam "Suwalki Hancza"]
[WhiteTeamCountry "POL"]
[BlackTeamCountry "POL"]

1. Nf3 Nf6 2. c4 g6 3. b4 Bg7 4. Bb2 0-0 5. e3 d6 6. d4 e5 7. Be2 e4 8. Nfd2 h5 9. Nc3 Re8 10. Qc2 Bf5 11. a4 Nc6 12. Qb3 a5 13. b5 Nb4 14. Na2 Nd3+ 15. Bxd3 exd3 16. 0-0-0 c6 17. Nc3 d5 18. cxd5 cxd5 19. Kb1 Rc8 20. Ka1 Re7 21. Ndb1 Rec7 22. f3 Bh6 23. Rhe1 Re7 24. Bc1 Qe8 25. e4 Bxc1 26. Rxc1 dxe4 27. fxe4 Nxe4 28. Nd5 Re6 29. Qxd3 Rxc1 30. Rxc1 Qd8 31. Nf4 Rd6 32. Rc4 Qh4 33. Qe3 Qxh2 34. Rc7 Qh1 35. Qb3 Ng5 36. d5 Qg1 37. Qb2 Ne4 38. Re7 Nc3 39. Re8+ Kh7 40. Ne2 Qxb1+ 0-1

[Event "POL-chT 62th"]
[Site "Ustron"]
[Date "2006.09.03"]
[Round "2"]
[White "Spisak, Czeslaw"]
[Black "Gumula, Daniel"]
[Result "1-0"]
[WhiteElo "2323"]
[BlackElo "2306"]
[PlyCount "79"]
[EventDate "2006.09.02"]
[EventType "team-tourn"]
[EventRounds "9"]
[EventCountry "POL"]
[SourceTitle "EXT 2019"]
[Source "ChessBase"]
[SourceDate "2018.10.10"]
[SourceVersion "1"]
[SourceVersionDate "2018.10.10"]
[SourceQuality "1"]
[WhiteTeam "Suwalki Hancza"]
[BlackTeam "Jaworzno JKSz MCKiS"]
[WhiteTeamCountry "POL"]
[BlackTeamCountry "POL"]

1. e4 e5 2. Nf3 Nc6 3. Bb5 a6 4. Ba4 Nf6 5. Qe2 b5 6. Bb3 Be7 7. c3 d6 8. 0-0 0-0 9. d3 Na5 10. Bc2 c5 11. Nbd2 Nc6 12. Re1 Re8 13. Nf1 h6 14. Ng3 Bf8 15. a4 Be6 16. h3 Rb8 17. axb5 axb5 18. Nh2 Qd7 19. f4 exf4 20. Bxf4 Ra8 21. Qf2 Rxa1 22. Rxa1 d5 23. Bxh6 dxe4 24. dxe4 gxh6 25. Qxf6 Qd2 26. Qf2 Qxf2+ 27. Kxf2 Ne5 28. Nf3 Nxf3 29. Kxf3 Rd8 30. Rd1 Ra8 31. e5 Bg7 32. Be4 Re8 33. Bc6 Rc8 34. Bxb5 Bxe5 35. Bd3 Rb8 36. Rd2 Kf8 37. Bf5 Bxg3 38. Bxe6 Be5 39. Bc4 Ke7 40. Ke4 1-0

[Event "POL-chT 62th"]
[Site "Ustron"]
[Date "2006.09.02"]
[Round "1"]
[White "Spisak, Czeslaw"]
[Black "Tomaszewski, Roman"]
[Result "1/2-1/2"]
[WhiteElo "2323"]
[BlackElo "2331"]
[PlyCount "151"]
[EventDate "2006.09.02"]
[EventType "team-tourn"]
[EventRounds "9"]
[EventCountry "POL"]
[SourceTitle "EXT 2019"]
[Source "ChessBase"]
[SourceDate "2018.10.10"]
[SourceVersion "1"]
[SourceVersionDate "2018.10.10"]
[SourceQuality "1"]
[WhiteTeam "Suwalki Hancza"]
[BlackTeam "Czestochowa Hetman"]
[WhiteTeamCountry "POL"]
[BlackTeamCountry "POL"]

1. e4 c6 2. d4 d5 3. e5 Na6 4. Nc3 Nc7 5. f4 g6 6. Nf3 h5 7. Be3 Nh6 8. h3 Nf5 9. Bf2 h4 10. Bd3 e6 11. 0-0 Be7 12. Ne2 Kf8 13. b3 Kg7 14. c4 dxc4 15. bxc4 b5 16. Be4 bxc4 17. Bxc6 Rb8 18. Qa4 Bb7 19. Rfb1 Bxc6 20. Qxc6 Nd5 21. Qxc4 Qd7 22. Rxb8 Rxb8 23. Be1 Rb2 24. Bd2 Qb7 25. Nc3 Rxd2 26. Nxd2 Qb2 27. Nb3 Nxc3 28. Re1 Nd5 29. Qe2 Qxe2 30. Rxe2 Nxf4 31. Rc2 Nd5 32. a4 Bg5 33. Rc4 Nb6 34. Rb4 Be7 35. Rb5 Nxa4 36. Ra5 Nc3 37. Rxa7 Bg5 38. Rd7 Nd5 39. Nc5 Be3+ 40. Kf1 Nxd4 41. Nxe6+ Nxe6 42. Rxd5 Nf4 43. Ra5 Bd4 44. Rb5 Kf8 45. Ra5 Ke7 46. Ra4 Bxe5 47. Kg1 Kf6 48. Kh1 Kf5 49. Ra7 f6 50. Ra4 g5 51. Rb4 Ne2 52. Ra4 Bd4 53. Ra2 Ng3+ 54. Kh2 Ke4 55. Ra3 Nf1+ 56. Kh1 f5 57. Rb3 Nd2 58. Ra3 Nc4 59. Rb3 Ne3 60. Ra3 g4 61. hxg4 fxg4 62. Rb3 h3 63. gxh3 g3 64. Rb4 Nc2 65. Rb8 Ne1 66. Rg8 Be5 67. h4 Kf3 68. h5 Kf2 69. Rf8+ Nf3 70. Rg8 Nh4 71. Rf8+ Nf3 72. Rg8 Bf6 73. Rg4 Be5 74. Rg8 Bf4 75. Rg4 Be5 76. Rg8 1/2-1/2

[Event "POL-chT 61st"]
[Site "Lubniewice"]
[Date "2005.09.11"]
[Round "9"]
[White "Spisak, Czeslaw"]
[Black "Skalski, Michal"]
[Result "1/2-1/2"]
[WhiteElo "2323"]
[BlackElo "2334"]
[PlyCount "62"]
[EventDate "2005.09.03"]
[EventType "team-tourn"]
[EventRounds "9"]
[EventCountry "POL"]
[SourceTitle "EXT 2019"]
[Source "ChessBase"]
[SourceDate "2018.10.10"]
[SourceVersion "1"]
[SourceVersionDate "2018.10.10"]
[SourceQuality "1"]
[WhiteTeam "Suwalki Hancza"]
[BlackTeam "Rzeszow Zelmer"]
[WhiteTeamCountry "POL"]
[BlackTeamCountry "POL"]

1. e4 c5 2. Nf3 Nc6 3. d4 cxd4 4. Nxd4 g6 5. Nc3 Bg7 6. Nde2 d6 7. g3 Bd7 8. Bg2 Qc8 9. h3 Nf6 10. Nd5 Nxd5 11. exd5 Ne5 12. a4 0-0 13. Ra2 e6 14. f4 Nc4 15. b3 Na5 16. Qd2 Qc7 17. dxe6 Bxe6 18. 0-0 Rad8 19. Kh2 Nc6 20. Ba3 Rfe8 21. c4 a6 22. Bb2 Qb6 23. Bxg7 Kxg7 24. Rb2 Kg8 25. Nc3 Kg7 26. f5 Bxf5 27. Rxf5 gxf5 28. Qg5+ Kh8 29. Qf6+ Kg8 30. Qg5+ Kh8 31. Qf6+ Kg8 1/2-1/2

[Event "POL-chT 61st"]
[Site "Lubniewice"]
[Date "2005.09.10"]
[Round "8"]
[White "Nurkiewicz, Maciej"]
[Black "Spisak, Czeslaw"]
[Result "1-0"]
[WhiteElo "2387"]
[BlackElo "2323"]
[PlyCount "55"]
[EventDate "2005.09.03"]
[EventType "team-tourn"]
[EventRounds "9"]
[EventCountry "POL"]
[SourceTitle "EXT 2019"]
[Source "ChessBase"]
[SourceDate "2018.10.10"]
[SourceVersion "1"]
[SourceVersionDate "2018.10.10"]
[SourceQuality "1"]
[WhiteTeam "Grodzisk Polfa Mazowiecki"]
[BlackTeam "Suwalki Hancza"]
[WhiteTeamCountry "POL"]
[BlackTeamCountry "POL"]

1. e4 c5 2. Nf3 e6 3. d4 cxd4 4. Nxd4 Nf6 5. Nc3 Bb4 6. Bd3 Nc6 7. Nxc6 bxc6 8. e5 Nd5 9. Bd2 Nxc3 10. bxc3 Be7 11. Qg4 g6 12. 0-0 d6 13. Bh6 dxe5 14. Bg7 f5 15. Qa4 Rg8 16. Bxe5 Bd7 17. Rfd1 a5 18. Rab1 Qc8 19. Rb6 Kf7 20. Qf4 g5 21. Qc4 Kg6 22. Rdb1 Qe8 23. Rxc6 Rc8 24. Rxc8 Bxc8 25. Rb6 Qd7 26. g4 Rf8 27. gxf5+ Rxf5 28. Rc6 1-0

[Event "POL-chT 61st"]
[Site "Lubniewice"]
[Date "2005.09.09"]
[Round "7"]
[White "Spisak, Czeslaw"]
[Black "Przybylski, Wojciech"]
[Result "1-0"]
[WhiteElo "2323"]
[BlackElo "2272"]
[PlyCount "75"]
[EventDate "2005.09.03"]
[EventType "team-tourn"]
[EventRounds "9"]
[EventCountry "POL"]
[SourceTitle "EXT 2019"]
[Source "ChessBase"]
[SourceDate "2018.10.10"]
[SourceVersion "1"]
[SourceVersionDate "2018.10.10"]
[SourceQuality "1"]
[WhiteTeam "Suwalki Hancza"]
[BlackTeam "Poznan Pocztowiec"]
[WhiteTeamCountry "POL"]
[BlackTeamCountry "POL"]

1. e4 e5 2. Nf3 Nf6 3. d4 Nxe4 4. Bd3 d5 5. Nxe5 Nd7 6. Nxd7 Bxd7 7. 0-0 Bd6 8. c4 c6 9. cxd5 cxd5 10. Nc3 Nxc3 11. bxc3 0-0 12. Qh5 f5 13. Qf3 Kh8 14. Bf4 Bxf4 15. Qxf4 Qa5 16. Rab1 Bc6 17. Qd2 f4 18. Rfe1 Rae8 19. Rbc1 Qc7 20. Rxe8 Rxe8 21. g3 fxg3 22. hxg3 Qf7 23. Kg2 h6 24. Rh1 Rf8 25. Rh4 Bd7 26. Bc2 Qf3+ 27. Kg1 Kg8 28. Bd1 Qf6 29. Bb3 Be6 30. Qe3 g5 31. Rh1 Kg7 32. Bc2 Bg4 33. Bd3 Rf7 34. Bf1 Re7 35. Qd2 Bf3 36. Rh2 Qe6 37. Qd3 Qe1 38. Qxf3 1-0

[Event "POL-chT 60th 1st League"]
[Site "Ustron"]
[Date "2004.09.04"]
[Round "1"]
[White "Jaworski, Miroslaw"]
[Black "Spisak, Czeslaw"]
[Result "1-0"]
[WhiteElo "2373"]
[BlackElo "2335"]
[PlyCount "81"]
[EventDate "2004.09.04"]
[EventType "team-tourn"]
[EventRounds "9"]
[EventCountry "POL"]
[SourceTitle "EXT 2007"]
[Source "ChessBase"]
[SourceDate "2006.11.23"]
[SourceVersion "1"]
[SourceVersionDate "2006.11.23"]
[SourceQuality "1"]
[WhiteTeam "Raciborz Rzemioslo"]
[BlackTeam "Dankowice Pasjonat"]
[WhiteTeamCountry "POL"]
[BlackTeamCountry "POL"]

1. d4 Nf6 2. c4 g6 3. Nf3 Bg7 4. g3 0-0 5. Bg2 d6 6. 0-0 Nbd7 7. Nc3 e5 8. e4 c6 9. h3 Qb6 10. Re1 exd4 11. Nxd4 Re8 12. Nb3 Ne5 13. Bf1 Be6 14. Be3 c5 15. Nd5 Bxd5 16. exd5 Ne4 17. Bf4 f5 18. f3 Nf6 19. g4 fxg4 20. Bxe5 dxe5 21. fxg4 Qd6 22. Bg2 e4 23. Qd2 b6 24. Re2 Re7 25. Rae1 Rae8 26. Qe3 Nd7 27. Kh1 Be5 28. Rf1 Nf6 29. Ref2 Kg7 30. Re2 h6 31. Qc1 g5 32. Rf5 Bf4 33. Qc3 Kg6 34. Nd2 e3 35. Nf1 h5 36. Qd3 Kg7 37. Bf3 hxg4 38. hxg4 Nd7 39. Rh2 Nf6 40. Ng3 Kg8 41. Rxg5+ 1-0

[Event "Augustow op"]
[Site "Augustow"]
[Date "2004.??.??"]
[Round "5"]
[White "Barglowski, Filip"]
[Black "Spisak, Czeslaw"]
[Result "0-1"]
[WhiteElo "2335"]
[BlackElo "2335"]
[PlyCount "80"]
[EventDate "2004.08.??"]
[EventType "swiss"]
[EventRounds "9"]
[EventCountry "POL"]
[SourceTitle "EXT 2008"]
[Source "ChessBase"]
[SourceDate "2007.11.25"]
[SourceVersion "1"]
[SourceVersionDate "2007.11.25"]
[SourceQuality "1"]

1. e4 c5 2. Nf3 d6 3. Bb5+ Nd7 4. d4 Ngf6 5. Nc3 a6 6. Bxd7+ Nxd7 7. 0-0 e6 8. dxc5 Nxc5 9. Bf4 Qc7 10. e5 d5 11. Qd4 Qc6 12. Bg5 b5 13. b4 h6 14. Qh4 Nd7 15. Ne2 Qc7 16. Bf4 Bxb4 17. Ned4 Be7 18. Qh5 Nc5 19. Rfe1 Ne4 20. a4 b4 21. h4 Bd7 22. Qg4 g6 23. h5 g5 24. Be3 Rc8 25. Nd2 Qxe5 26. f4 gxf4 27. N2f3 Qc7 28. Bxf4 e5 29. Nf5 Bxf5 30. Qxf5 exf4 31. Rad1 Qb6+ 32. Kh2 Qe6 33. Qxd5 Qxd5 34. Rxd5 Ng5 35. Nd4 Kf8 36. Nf5 Bc5 37. Rd7 Kg8 38. Rf1 Kh7 39. Rxf4 Rhd8 40. Rxd8 Rxd8 0-1

[Event "Augustow op"]
[Site "Augustow"]
[Date "2004.??.??"]
[Round "2"]
[White "Spisak, Czeslaw"]
[Black "Kozak, Magdalena"]
[Result "1-0"]
[WhiteElo "2335"]
[BlackElo "2055"]
[PlyCount "59"]
[EventDate "2004.08.??"]
[EventType "swiss"]
[EventRounds "9"]
[EventCountry "POL"]
[SourceTitle "EXT 2008"]
[Source "ChessBase"]
[SourceDate "2007.11.25"]
[SourceVersion "1"]
[SourceVersionDate "2007.11.25"]
[SourceQuality "1"]

1. e4 e6 2. d4 d5 3. Nc3 Bb4 4. e5 c5 5. a3 Bxc3+ 6. bxc3 Ne7 7. h4 Bd7 8. h5 Qc7 9. Nf3 Nbc6 10. h6 gxh6 11. Be2 Rg8 12. Kf1 0-0-0 13. Bxh6 Nf5 14. Bg5 Rxg5 15. Nxg5 cxd4 16. g4 Rg8 17. gxf5 Rxg5 18. fxe6 Bxe6 19. cxd4 Qd7 20. Qd3 Bf5 21. Qe3 Qe8 22. c3 Qg8 23. Bf3 Bh3+ 24. Ke2 Bg4 25. Bxg4+ Rxg4 26. Qh3 Kd8 27. Qxh7 Re4+ 28. Kf1 Qg4 29. Qh5 Qf4 30. Qh6 1-0

[Event "Augustow op"]
[Site "Augustow"]
[Date "2004.??.??"]
[Round "4"]
[White "Spisak, Czeslaw"]
[Black "Szymanski, Piotr"]
[Result "1/2-1/2"]
[WhiteElo "2335"]
[BlackElo "2262"]
[PlyCount "37"]
[EventDate "2004.08.??"]
[EventType "swiss"]
[EventRounds "9"]
[EventCountry "POL"]
[SourceTitle "EXT 2008"]
[Source "ChessBase"]
[SourceDate "2007.11.25"]
[SourceVersion "1"]
[SourceVersionDate "2007.11.25"]
[SourceQuality "1"]

1. e4 e5 2. Nf3 Nc6 3. Bc4 Be7 4. 0-0 Nf6 5. d3 0-0 6. Re1 d6 7. c3 h6 8. Nbd2 Re8 9. Bb3 Bf8 10. d4 g6 11. d5 Ne7 12. Nf1 Bg7 13. Ng3 Nh7 14. Bc2 Rf8 15. Nh4 Bf6 16. Nf3 Bg7 17. Nh4 Bf6 18. Nf3 Bg7 19. Nh4 1/2-1/2

[Event "POL-chT 2nd League"]
[Site "Wysowa"]
[Date "2003.09.12"]
[Round "9"]
[White "Stopa, Jacek"]
[Black "Spisak, Czeslaw"]
[Result "1-0"]
[WhiteElo "2304"]
[BlackElo "2359"]
[PlyCount "63"]
[EventDate "2003.09.06"]
[EventType "team-swiss"]
[EventRounds "11"]
[EventCountry "POL"]
[SourceTitle "CBM 096 Extra"]
[Source "ChessBase"]
[SourceDate "2003.10.22"]
[SourceVersion "2"]
[SourceVersionDate "2003.10.20"]
[SourceQuality "1"]
[WhiteTeam "Rybnik MKSz"]
[BlackTeam "Dankowice Pasjonat"]
[WhiteTeamCountry "POL"]
[BlackTeamCountry "POL"]

1. e4 c5 2. Nf3 Nc6 3. Nc3 d6 4. d4 cxd4 5. Nxd4 Nf6 6. Bg5 e6 7. Qd2 a6 8. 0-0-0 Bd7 9. f4 b5 10. Bxf6 gxf6 11. Nxc6 Bxc6 12. Qe1 Ra7 13. Bd3 b4 14. Ne2 Qb6 15. Kb1 h5 16. Qh4 Be7 17. f5 e5 18. Ng3 Qf2 19. Rhf1 Qc5 20. Nxh5 Kf8 21. Rf3 a5 22. Rg3 Bd8 23. Qg4 Ke8 24. Rh3 Rf8 25. Qe2 Rc7 26. Bc4 Ke7 27. b3 Rg8 28. Ng3 Rg7 29. Qd2 Rxg3 30. Rxg3 Bxe4 31. Bd3 Bb7 32. h4 1-0